Biggest Airlines by number of routes - Statistics

General Stats
  • This quiz has been taken 127 times
  • The average score is 6 of 11
Answer Stats
Routes Answer % Correct
1106 American Airlines
96%
950 United Airlines
85%
939 Delta Air Lines
83%
754 Southwest Airlines
73%
1831 Ryanair
66%
470 Air China
65%
945 easyJet
53%
667 China Southern
50%
648 China Eastern
48%
615 Wizz Air
24%
470 Tui Airways
5%
No matching quizzes found
Score Distribution
Percent of People with Each Score
Percentile by Number Answered
Your Score History
You have not taken this quiz